• 首页
  • 本馆介绍
  • 公告通知
  • 最新文献
  • 馆藏检索
  • 电子资源
  • 读者导购
  • 参考咨询
  • 我的图书馆
  • 登录
  • 详细信息显示
  • 放入我的书架
  • 预约/预借图书
  • 作者相关作品
  • 分类相关作品
  • 丛书相关作品
  • 出版社相关作品

书目信息

  • 表格格式
  • 工作单格式
  • 卡片格式
题名:
中国天眼科普
    
 
作者: 张承民 编著
分册:  
出版信息: 北京   清华大学出版社  2019.09
页数: 120页
开本: 23cm
丛书名:
单 册:
中图分类: P145.6-49
科图分类:
主题词: 脉冲星--mai chong xing--普及读物
电子资源:
ISBN: 978-7-302-53553-9
000 01201nam0 2200253 450
001 0109110250
005 20201109110341.0
010    @a978-7-302-53553-9@dCNY29.00
100    @a20200408e20202019em y0chiy50 ea
101 0  @achi
102    @aCN@b110000
105    @aa z 000yy
106    @ar
200 1  @a中国天眼科普@Azhong guo tian yan ke pu@e神秘的脉冲星@f张承民编著
210    @a北京@c清华大学出版社@d2019.09@h2020.06
215    @a120页@c图@d23cm
314    @a张承民,中国科学院国家天文台研究员、中国天眼FAST工程前首席科学家助理,中国科学院大学岗位教授,博士生导师领域主要涵盖脉冲星天体物理和广义相对论,已发表学术论文100余篇。
330    @a本书是一本脉冲星科普类的书籍,其中包括脉冲星(转动中子星)的基础知识,涉及脉冲星的发现和验证历史及其各种现象。我们根据国际最新的科学成就,以及中国天眼的科学目标,将新的科研成果写进本书。具体章节包括:脉冲星的发现历史及故事,早期中子星的理论的发展,脉冲星的参数结构,各种特殊类型脉冲星的现象和物理解释。
517 1  @a神秘的脉冲星@Ashen mi de mai chong xing
606 0  @a脉冲星@Amai chong xing@j普及读物
690    @aP145.6-49@v5
701  0 @a张承民@Azhang cheng min@4编著
801  0 @aCN@bBJSZM@c20201103
905    @b1242187-90@dP145.6-49@e336@f4
    
    中国天眼科普:神秘的脉冲星/张承民编著.-北京:清华大学出版社,2019.09(2020.06)
    120页:图;23cm
    
    
    ISBN 978-7-302-53553-9:CNY29.00
    本书是一本脉冲星科普类的书籍,其中包括脉冲星(转动中子星)的基础知识,涉及脉冲星的发现和验证历史及其各种现象。我们根据国际最新的科学成就,以及中国天眼的科学目标,将新的科研成果写进本书。具体章节包括:脉冲星的发现历史及故事,早期中子星的理论的发展,脉冲星的参数结构,各种特殊类型脉冲星的现象和物理解释。
●
相关链接 在E读中查询图书 在五车中查询图书 在当当中查询图书 在豆瓣中查询图书


正题名:中国天眼科普     索取号:P145.6-49/336         预约/预借

序号 登录号 条形码 馆藏地/架位号 状态 备注
1 1242187   212421878   第二样本阅览室/ [索取号:P145.6-49/336] 在馆    
2 1242188   212421887   第三借阅区/ [索取号:P145.6-49/336] 在馆    
3 1242189   212421896   第三借阅区/ [索取号:P145.6-49/336] 在馆    
4 1242190   212421903   第三借阅区/ [索取号:P145.6-49/336] 在馆    
唐山师范学院图书馆 欢迎您!
大连网信软件有限公司© 版权所有